| 000 | 00458nam a2200193Ia 4500 | ||
|---|---|---|---|
| 003 | 0100 | ||
| 008 | 130303s9999 xx 000 0 und d | ||
| 040 | _cARRUPELIB | ||
| 050 | _aLB1051.H524 1963 | ||
| 100 | _aHill, Winfred F | ||
| 245 | _aLearning | ||
| 245 | _ba survey of psychological interpretations | ||
| 260 | _aSan Francisco | ||
| 260 | _bChandler Publis. Co. | ||
| 260 | _C1963 | ||
| 300 | _a227p | ||
| 700 | _aWinfred F. Hill | ||
| 942 | 0 | 0 | _01 |
| 999 |
_c42871 _d42871 |
||